Možnosti spotrebiteľa kontrolovať svoje práva v obchode

Bibliographic Details
Main Author: Prachár, Juraj, 1927-1993 (Author)
Format: Article
Language:Slovak
Subjects:

MARC

LEADER 00000nab a2200000 a 4500
001 vtls000321077
003 SK-MaSNL
005 20260303225109.0
008 111202c1987 xo 0 slo
015 |a SNBRA19rr/mm-uuuuu 
035 |a CL0321199 
040 |a SNKBUCL  |b slo  |c SNKBUCL  |e AACR2 
041 0 |a slo 
044 |a xo  |c SK 
080 |a 339.3:658.8.001.1  |2 1981 
080 |a 658.8.001.1  |2 1981 
080 |a 658.8.011.1  |2 1981 
100 1 |a Prachár, Juraj,  |d 1927-1993  |4 aut  |9 49227 
245 1 0 |a Možnosti spotrebiteľa kontrolovať svoje práva v obchode  |c Juraj Prachár 
650 0 7 |a vnútorný obchod  |2 snkbucl  |9 2197 
655 7 |a články zo zborníkov  |2 snkbucl  |9 166140 
773 0 |t Úloha teórie a hospodárskej praxe v odvetví vnútorného obchodu v 8. päťročnici  |d Bratislava : VŠE, 1987 
850 |a Slovenská národná knižnica v Martine  |a MTA001 
852 |a SNK  |b KIS3GCP 
958 |a RK 
992 |a RZB 
999 |c 2255643  |d 2257573